00389nam a2200109Ia 4500008004100000020001800041100002400059245010200083260002700185650002200212856004500234171212s9999 xx 000 0 und d a9780833076823 aKearn, David W. Jr. cKearn, David W. Jr.aFacing the Missile ChallengebU.S. Strategy and the Future of the INF Treaty bRAND Corporationc2012 aPolitical Science uwww.jstor.org/stable/10.7249/j.ctt3fh15z